000 00321nam a2200145Ia 4500
100 _aBahri
650 _aGeneral
942 _cBK
654 _aNational Budget. 1987-88
245 _aNational Budget. 1987-88
260 _bBahari Bros.
_aNew Delhi
_c1987
082 _a351.7
300 _a120
546 _aENGLISH
999 _c32140
_d32140